01239nam a2200301 a 4500001001200000003000800012006001900020007001500039008004100054010001700095020001500112020001800127020002700145040002100172035002100193050002500214245015300239260004900392300003000441504006400471533015200535650003700687655002900724700002400753710001700777856012600794999001700920ebr10678014CaPaEBRm u cr cn|||||||||090810s2009 nyua sb 001 0 eng d z 2009455885 z1606921371 z9781606921371 z9781614707288 (e-book) aCaPaEBRcCaPaEBR a(OCoLC)75678642914aQC462.R2bR37 2009eb00aRare earths as a probe of environment and electron-phonon interaction in optical materialsh[electronic resource] /cRosanna Capelleti ... [et al.]. aNew York :bNova Science Publishers,cc2009. a79 p. :bill. (some col.) aIncludes bibliographical references (p. [69]-73) and index. aElectronic reproduction.bPalo Alto, Calif. :cebrary,d2013.nAvailable via World Wide Web.nAccess may be limited to ebrary affiliated libraries. 0aRare earthsxOptical properties. 7aElectronic books.2local1 aCapelleti, Rosanna.2 aebrary, Inc.40uhttp://site.ebrary.com/lib/rucke/Doc?id=10678014zAn electronic book accessible through the World Wide Web; click to view c59410d59410